000 00385nam a22001337a 4500
008 230324b |||||||| |||| 00| 0 eng d
040 _aNational Science Library
_cNational Science Library
080 _aD 681.3.06
_bP0
245 _aMore java gems
260 _aUnited Kingdom:
_bCambridge University Press,
_c2000
300 _a484p.
650 _aComputer science
942 _2udc
_cBK
999 _c14124
_d14124